Travels of Bollywood cinema : (Record no. 59391)

MARC details
000 -LEADER
fixed length control field 01287nam a22002777a 4500
005 - DATE AND TIME OF LATEST TRANSACTION
control field 20111213124454.0
010 ## - LCCN (DPL NO)
LC control number ENG-104310 B-492525
020 ## - INTERNATIONAL STANDARD BOOK NUMBER
International Standard Book Number 9780198075981
Terms of availability 795.00
020 ## - INTERNATIONAL STANDARD BOOK NUMBER
International Standard Book Number 0198075987
Terms of availability 795.00
035 ## - SYSTEM CONTROL NUMBER
System control number EN-87843 B-492525
037 ## - SOURCE OF ACQUISITION
Source of stock number/acquisition DBAD/PUB
037 ## - SOURCE OF ACQUISITION
Source of stock number/acquisition UBH/Ven
082 ## - DEWEY DECIMAL CLASSIFICATION NUMBER
Classification number 791.430954792
245 14 - TITLE STATEMENT
Title Travels of Bollywood cinema :
Statement of responsibility, etc edited by Anjali Gera Roy [and] Chua Beng Huat
Remainder of title from Bombay to LA /
260 ## - PUBLICATION, DISTRIBUTION, ETC. (IMPRINT)
Place of publication, distribution, etc New Delhi
Name of publisher, distributor, etc Oxford University Press
Date of publication, distribution, etc 2012
270 ## - ADDRESS
Address YMCA Library Building , 1 Jai Singh Road
City New Delhi
Postal code 110001
300 ## - PHYSICAL DESCRIPTION
Extent xxxi,356p.
Dimensions 23cm (Hb)
500 ## - GENERAL NOTE
General note Includes bibliographical references and index
700 ## - ADDED ENTRY--PERSONAL NAME
Personal name Roy, Anjali Gera
9 (RLIN) 36890
700 ## - ADDED ENTRY--PERSONAL NAME
Personal name Huat, Chua Beng
9 (RLIN) 36891
942 ## - ADDED ENTRY ELEMENTS (KOHA)
Source of classification or shelving scheme Dewey Decimal Classification
Item type English Books
Classification part 791.430954792
Call number suffix TRA
Holdings
Withdrawn status Lost status Not for loan Collection code Home library Current library Date acquired Source of acquisition Cost, normal purchase price Full call number Barcode Copy number Cost, replacement price Koha item type
    Not For Loan Non-fiction D.B.Act.Division D.B.Act.Division 13/12/2011 DBAD/PUB 795.00 791.430954792 TRA EN-87843 1 795.00 English Books
      Non-fiction Sarojini Nagar Sarojini Nagar 27/02/2013 UBH/214/18.01.2013/129/18.12.2012/29.01.2013 795.00 791.430954792 TRA B-492525 1 795.00 English Books

© Delhi Public Library
Hit Counter
free hit counter